000 00412nam a2200157Ia 4500
008 190328s9999||||xx |||||||||||||| ||und||
020 _a9789339203139
082 _a657
_bCHA/F
100 _aChandra, Prasanna
245 0 _aFundamentals of Financial Management
250 _a4th R.
260 _aChennai
_bMc Graw Hill Education
_c2016
300 _aI/3
650 _aManagement/Accounts/OR/AU/OB
942 _cBK
999 _c4277
_d4277